[Event "WY U-16 Chess Olympiad 2019"]
[Site "Corum"]
[Date "2019.11.01"]
[Round "5"]
[White "Aronyak Ghosh"]
[Black "Singh, Eshwant"]
[Result "1-0"]
[WhiteElo "2380"]
[BlackElo "1910"]
[Annotator "NA"]
[PlyCount "91"]
[EventDate "2019.10.28"]
[EventType "team-tourn"]
[EventCountry "TUR"]
[SourceTitle "playchess.com"]
[Source "ChessBase"]
[SourceQuality "1"]

1. d4 Nf6 2. Bg5 d5 3. Nd2 Nbd7 4. Ngf3 e6 5. e4 dxe4 6. Nxe4 Be7 7. Nxf6+ Bxf6 8. Be3 b6 9. Bb5 Bb7 10. c3 a6 11. Bd3 Qe7 12. Qc2 e5 13. Be4 Bxe4 14. Qxe4 O-O 15. O-O-O Rfe8 16. d5 Nc5 17. Bxc5 Qxc5 18. Rd2 b5 19. h4 a5 20. g4 g6 21. g5 Bg7 22. Kb1 Rad8 23. Rc1 Qc4 24. Qxc4 bxc4 25. Re1 e4 26. Rde2 Rxd5 27. Rxe4 Rd1+ 28. Kc2 Rxe4 29. Kxd1 Rf4 30. Re8+ Bf8 31. Ne5 Kg7 32. Nd7 Bd6 33. Nf6 Bf8 34. h5 h6 35. hxg6 Rxf2 36. Ng4 Rxb2 37. gxh6+ Kxg6 38. Rxf8 Rb1+ 39. Ke2 Rh1 40. Ne5+ Kf6 41. Ng4+ Kg6 42. Kf3 f5 43. Ne5+ Kh7 44. Kf4 Rf1+ 45. Kg5 Rg1+ 46. Kf6 1-0

[Event "WY U-16 Chess Olympiad 2019"]
[Site "Corum"]
[Date "2019.11.01"]
[Round "5"]
[White "Stoyanov, Tsvetan"]
[Black "Avila Pavas, Santiago"]
[Result "1-0"]
[WhiteElo "2377"]
[BlackElo "2406"]
[Annotator "NA"]
[PlyCount "145"]
[EventDate "2019.10.28"]
[EventType "team-tourn"]
[EventCountry "TUR"]
[SourceTitle "playchess.com"]
[Source "ChessBase"]
[SourceQuality "1"]

1. e4 g6 2. d4 Bg7 3. Nc3 d6 4. Be3 a6 5. h3 e6 6. g3 b5 7. Bg2 Bb7 8. a3 Nd7 9. Nge2 Ne7 10. O-O O-O 11. Qd2 Rc8 12. Rad1 d5 13. Bg5 Nf6 14. exd5 Nexd5 15. Nxd5 Bxd5 16. Nc3 Bxg2 17. Kxg2 a5 18. Bxf6 Bxf6 19. Ne4 Ra8 20. Qc3 Qd5 21. f3 Bg7 22. Rd2 c6 23. Rfd1 Rfd8 24. Rd3 h6 25. Qd2 Kh7 26. Nc3 Qd6 27. Ne4 Qe7 28. c3 Rd5 29. f4 Rad8 30. Nc5 b4 31. axb4 axb4 32. Qe2 Qa7 33. R3d2 Qa2 34. Nd3 bxc3 35. bxc3 Qa3 36. Nb4 R5d6 37. Qc4 Qa4 38. Rb1 Qa5 39. Ra2 Qf5 40. Qd3 Qh5 41. Qe2 Qf5 42. Qd3 Qf6 43. Ra5 Bf8 44. Qc4 Rb8 45. Re1 c5 46. Rxc5 Rdb6 47. Rc6 Rb5 48. Nd3 Qf5 49. Re2 Rb1 50. Rc7 Kg8 51. g4 Qf6 52. d5 exd5 53. Qxd5 Rd8 54. Qc4 Rxd3 55. Qxd3 Qb6 56. Qc4 Qg1+ 57. Kf3 Rf1+ 58. Ke4 Qh1+ 59. Ke3 Qg1+ 60. Ke4 Qh1+ 61. Ke3 Qg1+ 62. Kd3 Rd1+ 63. Rd2 Qf1+ 64. Kc2 Rc1+ 65. Kb3 Rb1+ 66. Ka4 Ra1+ 67. Kb5 Rb1+ 68. Ka6 Ra1+ 69. Kb7 Qh1+ 70. Qd5 Qb1+ 71. Kc8 Kh8 72. Rxf7 Bd6 73. Qd4+ 1-0

[Event "WY U-16 Chess Olympiad 2019"]
[Site "Corum"]
[Date "2019.11.01"]
[Round "5"]
[White "Sahidi, Samir"]
[Black "Aydin, Gulenay"]
[Result "1-0"]
[WhiteElo "2374"]
[BlackElo "1918"]
[Annotator "NA"]
[PlyCount "101"]
[EventDate "2019.10.28"]
[EventType "team-tourn"]
[EventCountry "TUR"]
[SourceTitle "playchess.com"]
[Source "ChessBase"]
[SourceQuality "1"]

1. d4 Nf6 2. Bf4 g6 3. Nc3 d5 4. f3 Bg7 5. Qd2 O-O 6. O-O-O c5 7. dxc5 Qa5 8. Kb1 Qxc5 9. Be3 Qc7 10. Bh6 Nc6 11. Bxg7 Kxg7 12. e3 Rd8 13. Qe1 a6 14. g4 Be6 15. Nge2 d4 16. exd4 b5 17. Qg3 Qa5 18. Nf4 b4 19. Nxe6+ fxe6 20. Ne2 e5 21. f4 exd4 22. Bg2 Nd5 23. Bxd5 Qxd5 24. Nc1 a5 25. Rhe1 a4 26. f5 Ra7 27. h4 b3 28. cxb3 axb3 29. Qxb3 gxf5 30. gxf5 Qxf5+ 31. Ka1 Kh8 32. Qe6 Qb5 33. Rg1 Nb4 34. Kb1 d3 35. Rg5 Qa6 36. Qxa6 Rxa6 37. a3 d2 38. Nb3 Nd5 39. Rxd2 e6 40. Nc5 Rb6 41. Rc2 Ne3 42. Rc1 Rdb8 43. b4 Ra8 44. Kb2 Nd5 45. Re1 Nc7 46. Rge5 Re8 47. Rd1 Re7 48. Kb3 Kg7 49. a4 Kf6 50. Rg5 Kf7 51. Rf1+ 1-0

[Event "WY U-16 Chess Olympiad 2019"]
[Site "Corum"]
[Date "2019.11.01"]
[Round "5"]
[White "Globus, Or"]
[Black "Muradli, Mahammad"]
[Result "1-0"]
[WhiteElo "2371"]
[BlackElo "2459"]
[Annotator "ChessBase"]
[PlyCount "105"]
[EventDate "2019.10.28"]
[EventType "team-tourn"]
[EventCountry "TUR"]
[SourceTitle "playchess.com"]
[Source "ChessBase"]
[SourceQuality "1"]

1. d4 d6 2. Nf3 g6 3. g3 Bg7 4. c4 c5 5. Nc3 cxd4 6. Nxd4 Nc6 7. Nxc6 bxc6 8. Bg2 Bd7 9. O-O Rb8 10. Qd3 Nf6 11. b3 O-O 12. Bf4 Qa5 13. Rac1 Rfd8 14. Rfd1 Rbc8 15. h3 Bf5 16. Qd2 Nd7 17. Bh6 Bxh6 18. Qxh6 Qe5 19. e4 Be6 20. Qe3 Qa5 21. f4 Qb6 22. Qd4 f6 23. Kh2 g5 24. Ne2 gxf4 25. gxf4 Qa5 26. Qc3 Qxc3 27. Rxc3 c5 28. Rcd3 Kf8 29. Nc3 Bf7 30. Bf3 h5 31. h4 Kg7 32. Nd5 Re8 33. Bg2 Be6 34. Rg3+ Kf7 35. Bf3 Rh8 36. Rdg1 Kf8 37. Rg7 Bf7 38. Ne3 e6 39. e5 fxe5 40. f5 Nf6 41. fxe6 Bxe6 42. Rxa7 Rh7 43. Rxh7 Nxh7 44. Bxh5 Ra8 45. a4 Nf6 46. Bf3 Rb8 47. Rb1 Ke7 48. Bc6 Rh8 49. a5 Rxh4+ 50. Kg2 Bc8 51. a6 Ng4 52. Nd5+ Kf7 53. a7 1-0

[Event "WY U-16 Chess Olympiad 2019"]
[Site "Corum"]
[Date "2019.11.01"]
[Round "5"]
[White "Yu, Kaifeng"]
[Black "Svanda, Ondrej"]
[Result "0-1"]
[WhiteElo "2367"]
[BlackElo "2268"]
[Annotator "NA"]
[PlyCount "102"]
[EventDate "2019.10.28"]
[EventType "team-tourn"]
[EventCountry "TUR"]
[SourceTitle "playchess.com"]
[Source "ChessBase"]
[SourceQuality "1"]

1. d4 Nf6 2. c4 g6 3. Nc3 d5 4. cxd5 Nxd5 5. e4 Nxc3 6. bxc3 Bg7 7. Nf3 c5 8. Rb1 O-O 9. Be2 Nc6 10. d5 Ne5 11. Nxe5 Bxe5 12. Qd2 e6 13. f4 Bc7 14. O-O exd5 15. exd5 Ba5 16. d6 Rb8 17. Rb5 Bd7 18. f5 Bxb5 19. Bxb5 Qh4 20. Rf4 Qg5 21. Qe1 a6 22. Rf3 Qd8 23. Qd2 axb5 24. f6 Bxc3 25. Qh6 Qxf6 26. Rxf6 Bxf6 27. Qf4 Kg7 28. Qh6+ Kg8 29. Qf4 Bd4+ 30. Kf1 Rbd8 31. Qg3 Rfe8 32. Bf4 Re6 33. h4 h5 34. Qg5 Rexd6 35. Bxd6 Rxd6 36. g4 Rf6+ 37. Ke1 hxg4 38. Qxg4 Rf5 39. a3 Kg7 40. Kd1 Bf6 41. Kc2 c4 42. Qe2 Bxh4 43. Kc3 Bf6+ 44. Kb4 b6 45. a4 bxa4 46. Qxc4 b5 47. Qe4 Re5 48. Qd4 Rh5 49. Qe3 Kf8 50. Ka5 Be7 51. Kb6 Bc5+ 0-1

[Event "WY U-16 Chess Olympiad 2019"]
[Site "Corum"]
[Date "2019.11.01"]
[Round "5"]
[White "Tarlabasi, Emirhan"]
[Black "Talukdar, Rohan"]
[Result "0-1"]
[WhiteElo "2365"]
[BlackElo "2369"]
[Annotator "NA"]
[PlyCount "142"]
[EventDate "2019.10.28"]
[EventType "team-tourn"]
[EventCountry "TUR"]
[SourceTitle "playchess.com"]
[Source "ChessBase"]
[SourceQuality "1"]

1. d4 Nf6 2. c4 g6 3. f3 d5 4. cxd5 Nxd5 5. e4 Nb6 6. Nc3 Bg7 7. Be3 O-O 8. Qd2 Nc6 9. O-O-O Qd6 10. Kb1 Rd8 11. Nb5 Qd7 12. d5 a6 13. Nc3 Qe8 14. Qc1 Ne5 15. h4 e6 16. h5 exd5 17. hxg6 hxg6 18. Bh6 Qf8 19. Bxg7 Qxg7 20. exd5 c6 21. d6 Nd5 22. g4 Be6 23. Ne4 Nf6 24. g5 Nxe4 25. fxe4 Rd7 26. Rd2 Rad8 27. Qc5 Bg4 28. Bh3 b6 29. Qd4 Rxd6 30. Qxd6 Rxd6 31. Rxd6 Qf8 32. Rd4 Bh5 33. Bf1 Qc5 34. Rd8+ Kg7 35. Ne2 Qf2 36. Nc3 Bf3 37. Rhh8 Qxf1+ 38. Nd1 Qxd1+ 39. Rxd1 Kxh8 40. Rd8+ Kg7 41. Re8 f6 42. Re7+ Nf7 43. e5 fxe5 44. Kc1 Bd5 45. a4 Bb3 46. a5 bxa5 47. Ra7 Bc4 48. Kd2 Kf8 49. Rc7 Bb5 50. Rc8+ Ke7 51. Rg8 Nxg5 52. Rxg6 Ne4+ 53. Ke3 Nf6 54. Rg1 a4 55. Rg2 Ke6 56. Rd2 Nd7 57. Rc2 Nb6 58. Ke4 Nc4 59. Rh2 Nd6+ 60. Ke3 Kd5 61. Kd2 Kd4 62. Rh4+ e4 63. Kc2 Bd3+ 64. Kc1 Nc4 65. Rh6 e3 66. Rh4+ Kc5 67. Rh5+ Kb4 68. Rh8 e2 69. Re8 Kc5 70. Re7 Kd6 71. Re8 Kd7 0-1

[Event "WY U-16 Chess Olympiad 2019"]
[Site "Corum"]
[Date "2019.11.01"]
[Round "5"]
[White "Can, Isik"]
[Black "Chatzieleftheriou, Andreas"]
[Result "0-1"]
[WhiteElo "2361"]
[BlackElo "2258"]
[Annotator "NA"]
[PlyCount "102"]
[EventDate "2019.10.28"]
[EventType "team-tourn"]
[EventCountry "TUR"]
[SourceTitle "playchess.com"]
[Source "ChessBase"]
[SourceQuality "1"]

1. e4 c5 2. Nf3 Nf6 3. Nc3 d5 4. exd5 Nxd5 5. Bb5+ Bd7 6. Ne5 Nf6 7. Qf3 Qc8 8. a4 e6 9. d3 Be7 10. Bg5 a6 11. Nc4 axb5 12. Nb6 Qd8 13. Nxa8 Bc6 14. Qg3 b4 15. Nb5 Na6 16. Nbc7+ Kf8 17. O-O h6 18. Be3 Kg8 19. b3 Bd6 20. Bf4 Nh5 21. Bxd6 Nxg3 22. Bxg3 h5 23. h3 Rh6 24. Rae1 Rg6 25. h4 Nxc7 26. Nxc7 Rxg3 27. fxg3 Qxc7 28. Kh2 Qd6 29. Re2 f6 30. Ref2 e5 31. Kh3 Qe6+ 32. Kh2 Qg4 33. Rf5 Qd4 34. R5f2 Kf7 35. Rf5 Qc3 36. R5f2 Kg6 37. Re2 b6 38. Kh3 Bd7+ 39. Kh2 Be6 40. Rff2 Bxb3 41. cxb3 Qxb3 42. g4 Qxd3 43. gxh5+ Kxh5 44. g4+ Kxg4 45. Rg2+ Kf5 46. Ref2+ Ke6 47. Rxg7 Qd4 48. Kg3 b3 49. Rb7 c4 50. a5 bxa5 51. h5 a4 0-1

[Event "WY U-16 Chess Olympiad 2019"]
[Site "Corum"]
[Date "2019.11.01"]
[Round "5"]
[White "Manafov, Vugar"]
[Black "Musyuk, Lior"]
[Result "1/2-1/2"]
[WhiteElo "2357"]
[BlackElo "2278"]
[Annotator "NA"]
[PlyCount "59"]
[EventDate "2019.10.28"]
[EventType "team-tourn"]
[EventCountry "TUR"]
[SourceTitle "playchess.com"]
[Source "ChessBase"]
[SourceQuality "1"]

1. d4 Nf6 2. Bf4 Nh5 3. Bg5 h6 4. Bh4 g5 5. e3 Nf6 6. Bg3 d6 7. Bd3 Bg7 8. Nd2 Nc6 9. c3 e5 10. Qc2 Qe7 11. Ne2 Bg4 12. f3 Bd7 13. Bf2 h5 14. h4 Bh6 15. hxg5 Bxg5 16. O-O-O O-O-O 17. e4 exd4 18. Nxd4 Kb8 19. Kb1 Ne5 20. Bb5 c6 21. Be2 h4 22. Nc4 Nh5 23. Ne3 Bxe3 24. Bxe3 Ng6 25. Rhe1 Ngf4 26. Bf1 Rhg8 27. Qf2 c5 28. Ne2 Nxe2 29. Rxe2 f5 30. exf5 1/2-1/2

[Event "WY U-16 Chess Olympiad 2019"]
[Site "Corum"]
[Date "2019.11.01"]
[Round "5"]
[White "Katopodis, Dimitrios"]
[Black "Kizilkus, Akin"]
[Result "1-0"]
[WhiteElo "2353"]
[BlackElo "2381"]
[Annotator "NA"]
[PlyCount "111"]
[EventDate "2019.10.28"]
[EventType "team-tourn"]
[EventCountry "TUR"]
[SourceTitle "playchess.com"]
[Source "ChessBase"]
[SourceQuality "1"]

1. d4 Nf6 2. Nf3 g6 3. Nbd2 c5 4. dxc5 Qa5 5. Nd4 Qxc5 6. N4b3 Qc7 7. e4 Bg7 8. Bd3 O-O 9. O-O Nc6 10. c3 d5 11. exd5 Nxd5 12. Nf3 Rd8 13. Qe2 Bg4 14. Be4 Ne5 15. h3 Nxf3+ 16. Bxf3 Bxf3 17. Qxf3 b5 18. Rd1 e6 19. Bg5 Rdc8 20. Rac1 a5 21. Nd4 Qb6 22. Ne2 h6 23. Be3 Nxe3 24. fxe3 Ra7 25. Rd2 Rc5 26. Rcd1 Rf5 27. Qe4 Re5 28. Qd4 Rb7 29. Qd8+ Kh7 30. Qxb6 Rxb6 31. Rd7 Kg8 32. Rf1 Rf5 33. Rxf5 gxf5 34. Nd4 b4 35. c4 Bxd4 36. exd4 b3 37. a3 Rc6 38. c5 e5 39. Ra7 exd4 40. Rxa5 Kf8 41. Kf2 Ke7 42. Rb5 d3 43. Ke3 d2 44. Kxd2 Rg6 45. Rb7+ Ke8 46. Rxb3 Rxg2+ 47. Ke1 Kd7 48. Rd3+ Ke6 49. b4 Ke5 50. c6 Rc2 51. b5 Ke4 52. Rb3 f4 53. Kd1 Rg2 54. c7 Rg8 55. b6 f3 56. Rxf3 1-0

[Event "WY U-16 Chess Olympiad 2019"]
[Site "Corum"]
[Date "2019.11.01"]
[Round "5"]
[White "Sprenar, Petr"]
[Black "Lin, Yi"]
[Result "1/2-1/2"]
[WhiteElo "2329"]
[BlackElo "2425"]
[Annotator "NA"]
[PlyCount "137"]
[EventDate "2019.10.28"]
[EventType "team-tourn"]
[EventCountry "TUR"]
[SourceTitle "playchess.com"]
[Source "ChessBase"]
[SourceQuality "1"]

1. d4 Nf6 2. c4 g6 3. g3 c6 4. Bg2 d5 5. Qa4 Nfd7 6. cxd5 Nb6 7. Qd1 cxd5 8. Nc3 Nc6 9. e3 Bf5 10. Nh3 Bh6 11. g4 Be6 12. O-O Qc8 13. f3 O-O 14. Nf4 Bxf4 15. exf4 f6 16. Re1 Bf7 17. b3 Qd7 18. Ba3 Nc8 19. Qd2 Nd6 20. Rac1 Rac8 21. Bf1 Rfe8 22. Na4 Qd8 23. Re3 Nb8 24. Rec3 Qa5 25. Qd3 Rxc3 26. Qxc3 Qxc3 27. Nxc3 Rc8 28. Bc5 b6 29. Ba3 Kf8 30. Kf2 Ke8 31. Ke3 Kd7 32. Kd2 h5 33. Bxd6 exd6 34. gxh5 gxh5 35. Bh3+ Be6 36. Bxe6+ Kxe6 37. Re1+ Kf7 38. Nxd5 Nc6 39. Rc1 Ne7 40. Rxc8 Nxc8 41. Kc3 Ke6 42. Ne3 d5 43. f5+ Kd6 44. Ng2 Ne7 45. Nf4 h4 46. Nh5 Ng8 47. Kd3 Ke7 48. Nf4 Kd6 49. Ng6 h3 50. Nf4 Ne7 51. Nxh3 Nxf5 52. Ng1 Nh4 53. Ke3 Nf5+ 54. Kd3 Nh4 55. f4 Ke6 56. Ne2 Ng2 57. Nc3 Nxf4+ 58. Ke3 Ng6 59. Kf3 Ne7 60. Ne2 Kf5 61. Nc3 Nc6 62. Ke3 Ne7 63. Kf3 Nc6 64. Ke3 Ne7 65. h3 Kg5 66. Nb5 Nc6 67. Nc3 Ne7 68. Nb5 Nc6 69. Nc3 1/2-1/2

[Event "WY U-16 Chess Olympiad 2019"]
[Site "Corum"]
[Date "2019.11.01"]
[Round "5"]
[White "Stefansson, Vignir Vatnar"]
[Black "Risteski, Emil"]
[Result "1-0"]
[WhiteElo "2327"]
[BlackElo "2197"]
[Annotator "NA"]
[PlyCount "91"]
[EventDate "2019.10.28"]
[EventType "team-tourn"]
[EventCountry "TUR"]
[SourceTitle "playchess.com"]
[Source "ChessBase"]
[SourceQuality "1"]

1. d4 Nf6 2. Nc3 d5 3. Bf4 g6 4. e3 Bg7 5. h4 h5 6. Nf3 O-O 7. Ne5 c5 8. dxc5 Nc6 9. Bb5 Nxe5 10. Bxe5 Be6 11. Qd4 a6 12. Ba4 Bh6 13. Bxf6 exf6 14. O-O-O Rc8 15. Bb3 f5 16. Nxd5 Bg7 17. Qb4 Bxd5 18. Rxd5 Qf6 19. c3 Rc7 20. Rhd1 Qe7 21. Ba4 b5 22. Bb3 Rfc8 23. Kb1 Kh8 24. g3 Ra8 25. c6 Qxb4 26. cxb4 Rxc6 27. Rd7 Rac8 28. Rxf7 Kh7 29. a3 R8c7 30. Rxc7 Rxc7 31. Rd6 Ra7 32. Be6 Be5 33. Rd7+ Rxd7 34. Bxd7 f4 35. exf4 Bd4 36. f3 Bf2 37. g4 Bxh4 38. f5 hxg4 39. fxg4 Bd8 40. Bc8 gxf5 41. gxf5 a5 42. bxa5 Bxa5 43. b4 Bc7 44. Bd7 Kg7 45. Bxb5 Kf6 46. Bd7 1-0

[Event "WY U-16 Chess Olympiad 2019"]
[Site "Corum"]
[Date "2019.11.01"]
[Round "5"]
[White "Veiga, Jose Francisco R P N"]
[Black "Juksta, Karolis"]
[Result "0-1"]
[WhiteElo "2325"]
[BlackElo "2310"]
[Annotator "NA RC"]
[PlyCount "110"]
[EventDate "2019.10.28"]
[EventType "team-tourn"]
[EventCountry "TUR"]
[SourceTitle "playchess.com"]
[Source "ChessBase"]
[SourceQuality "1"]

1. e4 e6 2. d4 d5 3. exd5 exd5 4. Nf3 Nf6 5. Bd3 Bd6 6. Qe2+ Qe7 7. Qxe7+ Kxe7 8. O-O Nc6 9. Re1+ Be6 10. c3 Rae8 11. Ng5 Kd7 12. Nxe6 fxe6 13. f4 h5 14. h4 Ref8 15. g3 Ng4 16. Kg2 Ne7 17. Nd2 Nf5 18. Nf3 c5 19. Bd2 a6 20. Re2 cxd4 21. cxd4 Rf6 22. Rae1 Ngh6 23. Bc3 g6 24. Ng5 Ng7 25. a3 Nhf5 26. b4 Rc8 27. Bb2 Bc7 28. Nf3 Bb6 29. a4 Bc7 30. Ba1 Bd6 31. Rb1 Ne8 32. Nd2 Ke7 33. Nf3 Nc7 34. Ne5 Bxe5 35. dxe5 Rff8 36. b5 axb5 37. axb5 d4 38. Bxf5 gxf5 39. Bxd4 Nd5 40. Bb2 Rg8 41. Rf2 Kd7 42. Rd2 Rc4 43. Rc1 Rb4 44. Rc5 Rb3 45. Bc3 Ke7 46. Kf2 b6 47. Rdxd5 exd5 48. Rc7+ Kd8 49. Rc6 Rxb5 50. Bd4 Kd7 51. Rf6 Ra8 52. Bxb6 Ra3 53. Bd4 Ra2+ 54. Kf3 Rb3+ 55. Be3 Raa3 0-1

[Event "WY U-16 Chess Olympiad 2019"]
[Site "Corum"]
[Date "2019.11.01"]
[Round "5"]
[White "Krstulovic, Alex"]
[Black "Mhango, Banele"]
[Result "1-0"]
[WhiteElo "2324"]
[BlackElo "2010"]
[Annotator "TA"]
[PlyCount "91"]
[EventDate "2019.10.28"]
[EventType "team-tourn"]
[EventCountry "TUR"]
[SourceTitle "playchess.com"]
[Source "ChessBase"]
[SourceQuality "1"]

1. d4 Nf6 2. c4 g6 3. Nc3 Bg7 4. e4 d6 5. Nge2 Nfd7 6. Be3 e5 7. d5 a5 8. Ng3 h5 9. Be2 h4 10. Nf1 Bh6 11. Bxh6 Rxh6 12. Qd2 Rh8 13. Ne3 Nc5 14. O-O-O Nba6 15. Rdf1 Qg5 16. g3 Nb4 17. Kb1 Bh3 18. f4 Qe7 19. Re1 exf4 20. gxf4 O-O-O 21. Qd4 Kb8 22. a3 Nba6 23. Bg4 Nb3 24. Qd1 Bxg4 25. Nxg4 Nac5 26. Rhf1 Qd7 27. Ka2 Nc1+ 28. Qxc1 Qxg4 29. Qc2 Rhe8 30. b4 axb4 31. axb4 Na6 32. Kb3 Qh3 33. Qf2 Qd3 34. Rd1 Qh3 35. Rfe1 Re7 36. Re3 Qg4 37. Rg1 Qh5 38. Rh3 Qh8 39. Qxh4 Qe8 40. Qf6 c5 41. b5 Nb4 42. Rg4 Qd7 43. Rgh4 Ree8 44. Rh7 Rf8 45. Rg3 Qc7 46. e5 1-0

[Event "WY U-16 Chess Olympiad 2019"]
[Site "Corum"]
[Date "2019.11.01"]
[Round "5"]
[White "Cardoso Cardoso, Jose Gabriel"]
[Black "Petkov, Momchil"]
[Result "1-0"]
[WhiteElo "2313"]
[BlackElo "2333"]
[Annotator "NA"]
[PlyCount "105"]
[EventDate "2019.10.28"]
[EventType "team-tourn"]
[EventCountry "TUR"]
[SourceTitle "playchess.com"]
[Source "ChessBase"]
[SourceQuality "1"]

1. d4 Nf6 2. c4 g6 3. Nc3 Bg7 4. e4 d6 5. Nf3 O-O 6. h3 Na6 7. Be3 e5 8. d5 Nh5 9. g3 f5 10. exf5 gxf5 11. Nh4 Nf6 12. Bd3 e4 13. Be2 Nd7 14. Ng2 Ne5 15. Nf4 Nc5 16. O-O Ng6 17. Kh2 Qe7 18. Qd2 Be5 19. b4 Na6 20. a3 Kh8 21. Rac1 c5 22. dxc6 bxc6 23. Bd4 Bb7 24. Rcd1 Rf6 25. b5 Nc7 26. bxc6 Bxc6 27. Be3 Rff8 28. Bh5 Qf6 29. Ncd5 Nxd5 30. cxd5 Bb5 31. Rg1 Rfc8 32. Rc1 Be8 33. Be2 Ne7 34. Ba6 Rc3 35. Rxc3 Bxc3 36. Qe2 Rb8 37. Rc1 Be5 38. Rc7 Bxf4 39. gxf4 Nxd5 40. Qd2 Nxe3 41. Qxe3 Bf7 42. Qxa7 Rf8 43. a4 Qg7 44. Rc8 Rxc8 45. Bxc8 Qh6 46. Qe3 Qf6 47. a5 Qa1 48. a6 Bh5 49. a7 Bf3 50. Bb7 Qh1+ 51. Kg3 Qg1+ 52. Kh4 Kg7 53. a8=Q 1-0

[Event "WY U-16 Chess Olympiad 2019"]
[Site "Corum"]
[Date "2019.11.01"]
[Round "5"]
[White "Daggupati, Balaji"]
[Black "Kasimov, Ali"]
[Result "0-1"]
[WhiteElo "2310"]
[BlackElo "2166"]
[Annotator "NA"]
[PlyCount "132"]
[EventDate "2019.10.28"]
[EventType "team-tourn"]
[EventCountry "TUR"]
[SourceTitle "playchess.com"]
[Source "ChessBase"]
[SourceQuality "1"]

1. e4 c5 2. Nf3 Nc6 3. d4 cxd4 4. Nxd4 Nf6 5. Nc3 d6 6. Bg5 e6 7. Qd2 a6 8. O-O-O Bd7 9. f4 h6 10. Bxf6 Qxf6 11. Nf3 Qd8 12. g4 Qa5 13. Kb1 Be7 14. Bc4 Qc5 15. Bb3 b5 16. e5 d5 17. f5 O-O-O 18. Qf4 Qb4 19. Qg3 Qa5 20. Ne2 Qb6 21. Nf4 a5 22. c3 a4 23. Bc2 b4 24. cxb4 Nxb4 25. Nd4 Kb7 26. fxe6 fxe6 27. Bg6 a3 28. b3 Rhf8 29. Rhf1 Rc8 30. Nfe2 Bc5 31. Rfe1 Rc7 32. Qe3 Nc6 33. h4 Be7 34. Rh1 Rfc8 35. Nc2 Qxe3 36. Nxe3 Nxe5 37. Bh7 Bc5 38. Nd4 Nc6 39. Nxc6 Bxc6 40. Nc2 Bd7 41. Rhe1 Rf8 42. b4 Bb6 43. Nxa3 Rf4 44. Nc2 Rxg4 45. h5 Rg2 46. Nd4 Rg4 47. Nc2 Rgc4 48. Rd2 Rc3 49. Kb2 Rg3 50. Nd4 Rc4 51. Nc2 Bd8 52. Rde2 Bf6+ 53. Kb1 Kc7 54. Re3 Rg5 55. Bg6 Bc3 56. Rf1 Bxb4 57. Rf7 Kd6 58. Nxb4 Rxb4+ 59. Kc2 Rg2+ 60. Kc3 d4+ 61. Kxb4 dxe3 62. Rf3 e2 63. Re3 Rg4+ 64. Ka5 Ra4+ 65. Kb6 Rxa2 66. Bd3 Ra3 0-1

[Event "WY U-16 Chess Olympiad 2019"]
[Site "Corum"]
[Date "2019.11.01"]
[Round "5"]
[White "Stearman, Josiah"]
[Black "Abdusattorov, Nodirbek"]
[Result "0-1"]
[WhiteElo "2310"]
[BlackElo "2608"]
[Annotator "ChessBase"]
[PlyCount "188"]
[EventDate "2019.10.28"]
[EventType "team-tourn"]
[EventCountry "TUR"]
[SourceTitle "playchess.com"]
[Source "ChessBase"]
[SourceQuality "1"]

1. d4 Nf6 2. c4 e6 3. Nc3 Bb4 4. g3 O-O 5. Bg2 d6 6. Nf3 Bxc3+ 7. bxc3 Nc6 8. O-O Rb8 9. c5 dxc5 10. Ba3 Re8 11. Bxc5 b6 12. Ba3 Bb7 13. c4 Na5 14. Rc1 Be4 15. Qd2 e5 16. d5 c6 17. Rfd1 cxd5 18. cxd5 Qxd5 19. Qb2 Qb7 20. Bd6 Rbd8 21. Nh4 Bxg2 22. Nxg2 Qe4 23. Ne3 Nc6 24. Rc4 Nd4 25. Bxe5 Nxe2+ 26. Qxe2 Qxe5 27. Rxd8 Rxd8 28. Qc2 g6 29. Kg2 Rd7 30. Rf4 Kg7 31. Qc6 Re7 32. h4 h5 33. a4 Ne4 34. Nd5 Re6 35. Qd7 Nd6 36. Kh2 Nf5 37. Ne3 Rf6 38. Nxf5+ Rxf5 39. Rxf5 Qxf5 40. Qxa7 Qxf2+ 41. Kh3 Kf6 42. Qc7 Qd4 43. Qc6+ Ke7 44. Kg2 Qd2+ 45. Kf3 Qd6 46. Qe4+ Kf6 47. Qc4 Qe6 48. Qd4+ Ke7 49. Qb4+ Kd7 50. Kf2 Kc6 51. Qb5+ Kc7 52. Qb4 Qd5 53. Qf4+ Kb7 54. Ke1 Ka6 55. Qb8 Qe4+ 56. Kf2 f6 57. Qc8+ Ka5 58. Qd8 Qf5+ 59. Kg2 Qc2+ 60. Kh3 Qc6 61. Qd1 f5 62. Kh2 Qxa4 63. Qd5+ b5 64. Qd8+ Kb4 65. Qd6+ Kc3 66. Qxg6 Qc2+ 67. Kh3 Qe4 68. Kh2 Qe2+ 69. Kg1 b4 70. Qf6+ Kb3 71. Qd4 Qe1+ 72. Kh2 Ka3 73. Qc5 Qe2+ 74. Kh3 Qe4 75. Qc1+ Ka4 76. Qa1+ Kb5 77. Qf1+ Kb6 78. Qf2+ Kc6 79. Kh2 b3 80. Qa7 Kb5 81. Qb8+ Kc4 82. Qc7+ Kd3 83. Qd6+ Kc2 84. Qa3 b2 85. Qc5+ Kd1 86. Qd6+ Kc1 87. Qa3 f4 88. gxf4 Kc2 89. Qc5+ Kd1 90. Qd6+ Ke1 91. f5 b1=Q 92. Qg3+ Ke2 93. Qf3+ Qxf3 94. f6 Qbh1# 0-1

[Event "WY U-16 Chess Olympiad 2019"]
[Site "Corum"]
[Date "2019.11.01"]
[Round "5"]
[White "Isanzhulov, Arystan"]
[Black "Runets, Ivan"]
[Result "1-0"]
[WhiteElo "2305"]
[BlackElo "2288"]
[Annotator "TA"]
[PlyCount "91"]
[EventDate "2019.10.28"]
[EventType "team-tourn"]
[EventCountry "TUR"]
[SourceTitle "playchess.com"]
[Source "ChessBase"]
[SourceQuality "1"]

1. e4 c5 2. Nf3 e6 3. d4 cxd4 4. Nxd4 a6 5. Bd3 Nf6 6. O-O Qc7 7. Qe2 d6 8. c4 Be7 9. b3 O-O 10. Bb2 Nbd7 11. Nd2 b6 12. Rae1 Bb7 13. f4 Rac8 14. N4f3 e5 15. Nh4 exf4 16. Nf5 Ne5 17. Rxf4 Rfe8 18. Nxe7+ Qxe7 19. Bb1 Nfd7 20. Nf1 g6 21. Nd2 Bc6 22. Qf2 b5 23. cxb5 Bxb5 24. Qg3 Nc5 25. Re3 Ne6 26. Rf2 Qg5 27. Qxg5 Nxg5 28. h3 Bc6 29. Nf1 Bb7 30. Rd2 Rcd8 31. Kf2 f6 32. Re1 Kf7 33. Ng3 h5 34. Ba3 d5 35. Red1 Ne6 36. exd5 Nc7 37. Ne4 Nb5 38. Bb4 f5 39. Nc5 Bc8 40. Ba5 Rd6 41. a4 Na7 42. Bc7 Rf6 43. Bb8 Re7 44. d6 Nec6 45. dxe7 Nxb8 46. Re1 1-0

[Event "WY U-16 Chess Olympiad 2019"]
[Site "Corum"]
[Date "2019.11.01"]
[Round "5"]
[White "Lashkin, Jegor"]
[Black "Babazada, Khazar"]
[Result "1/2-1/2"]
[WhiteElo "2304"]
[BlackElo "2408"]
[Annotator "NA"]
[PlyCount "55"]
[EventDate "2019.10.28"]
[EventType "team-tourn"]
[EventCountry "TUR"]
[SourceTitle "playchess.com"]
[Source "ChessBase"]
[SourceQuality "1"]

1. d4 Nf6 2. c4 g6 3. Nc3 d5 4. Nf3 Bg7 5. h4 c6 6. Bg5 Ne4 7. e3 Nxg5 8. hxg5 e6 9. Qc2 Nd7 10. O-O-O dxc4 11. Bxc4 b5 12. Bd3 Bb7 13. Rh4 Kf8 14. Ne4 Qe7 15. Kb1 Rc8 16. Rc1 a6 17. Nfd2 c5 18. dxc5 Kg8 19. g3 Bd5 20. f4 e5 21. Nc3 Bc6 22. Nce4 Bd5 23. Nb3 Rc7 24. Ned2 exf4 25. exf4 Bf8 26. Be4 Bxb3 27. Nxb3 Nxc5 28. Nxc5 1/2-1/2

[Event "WY U-16 Chess Olympiad 2019"]
[Site "Corum"]
[Date "2019.11.01"]
[Round "5"]
[White "Tadic, Stefan"]
[Black "Annageldiyev, Azatgeldi"]
[Result "1-0"]
[WhiteElo "2295"]
[BlackElo "1790"]
[Annotator "NA"]
[PlyCount "131"]
[EventDate "2019.10.28"]
[EventType "team-tourn"]
[EventCountry "TUR"]
[SourceTitle "playchess.com"]
[Source "ChessBase"]
[SourceQuality "1"]

1. e4 c5 2. Nf3 e6 3. Nc3 Nc6 4. Bb5 d6 5. d4 cxd4 6. Qxd4 Bd7 7. Bxc6 Bxc6 8. Bg5 Nf6 9. O-O-O Be7 10. Rhe1 Qa5 11. Kb1 O-O 12. Qd2 Qa6 13. Nd4 Rfd8 14. f3 Rab8 15. g4 b5 16. h4 b4 17. Nce2 Rdc8 18. Ng3 Rb6 19. Nh5 Qa4 20. Bxf6 Bxf6 21. Nxf6+ gxf6 22. Qh6 Bxe4 23. fxe4 Ra6 24. Qe3 Qxa2+ 25. Kc1 e5 26. Nb3 Rxc2+ 27. Kxc2 Rc6+ 28. Kd3 Qxb2 29. Rc1 Qxb3+ 30. Ke2 Qa2+ 31. Qd2 Qa6+ 32. Kf3 Rb6 33. Ra1 Qb7 34. Qd5 Qb8 35. Qb3 Rb5 36. Red1 a5 37. Rd5 Rxd5 38. Qxd5 Qc7 39. Rxa5 Qc3+ 40. Ke2 Qc2+ 41. Ke3 Qc3+ 42. Qd3 Qe1+ 43. Qe2 Qg3+ 44. Qf3 Qe1+ 45. Qe2 Qg3+ 46. Qf3 Qe1+ 47. Kd3 Qc3+ 48. Ke2 Qc2+ 49. Kf1 b3 50. Rb5 b2 51. Qb3 Qc1+ 52. Ke2 Qg1 53. Qxb2 Qxg4+ 54. Kf1 Qxh4 55. Rb8+ Kg7 56. Qg2+ Kh6 57. Rb3 Qf4+ 58. Kg1 Qc1+ 59. Kh2 Qf4+ 60. Rg3 Kh5 61. Qh3+ Qh4 62. Qxh4+ Kxh4 63. Rg7 f5 64. exf5 f6 65. Rxh7+ Kg5 66. Rd7 1-0